000 00610nam a2200217Ia 4500
003 GCL
008 140319s9999 xx 000 0 ara d
040 _aGCL /
_cGCL
082 0 4 _a677.0283
_bا د
100 1 _aانصاف نصر
245 1 0 _aدراسات فى النسيج /
_cانصاف نصر
700 1 _aكوثر الزغبى
260 _a[S.N] :
_bدار الفكر العربى ،
_c1993
300 _a464 ص
490 _a
650 0 4 _aالالياف الصناعية
650 0 4 _aالمنسوجات
650 0 4 _aالغزل والنسيج
650 0 4 _aالخيوط
942 _2ddc
_cBK
999 _c32097
_d32097